| 000 | 00624nam a2200181Ia 4500 | ||
|---|---|---|---|
| 008 | 100917s9999 xx 000 0 und d | ||
| 082 | _b7547 | ||
| 100 | _aगोखले गो. सी. - संग्रा. | ||
| 245 | _aगोंदवलेकर महाराज प्रवचने | ||
| 260 |
_b--- _c1966 |
||
| 300 | _a375 | ||
| 365 | _b10 | ||
| 520 | _aअध्यात्म | ||
| 630 | _aगोंदवलेकर महाराज प्रवचने | ||
| 650 | _aअध्यात्म | ||
| 730 | _aगोंदवलेकर महाराज प्रवचने | ||
| 942 | _cBOOK | ||
| 999 |
_c612941 _d612938 |
||